| 000 | 01488cam a22003494a 4500 | ||
|---|---|---|---|
| 001 | 14308779 | ||
| 003 | OSt | ||
| 005 | 20211101105736.0 | ||
| 008 | 060321s2006 nyua f 001 0 eng | ||
| 010 | _a 2006044866 | ||
| 020 | _a0071475265 | ||
| 035 | _a(OCoLC)ocm65205166 | ||
| 038 | _akhadija | ||
| 040 |
_aDLC _cDLC _dC#P _dBAKER _dIXA _dDLC |
||
| 042 | _apcc | ||
| 050 | 0 | 0 |
_aTJ219 _b.E55 2006 |
| 082 | 0 | 0 |
_a621.51 _222 _bELL |
| 100 | 1 |
_aElliott, Brian S. _983586 |
|
| 245 | 1 | 0 |
_aCompressed Air Operations Manual : _bAn Illustrated Guide to Selection, Installation, Applications, and Maintenance / _cBrian S. Elliott. |
| 260 |
_aNew York : _bMcGraw-Hill, _cc2006. |
||
| 300 |
_axxiii, 407 p. : _bill. ; _c24 cm. |
||
| 500 | _aIncludes index. | ||
| 563 | _aHardcover | ||
| 650 | 0 |
_aPneumatic control _vHandbooks, manuals, etc. _983587 |
|
| 650 | 0 |
_aCompressed air _vHandbooks, manuals, etc. _983588 |
|
| 856 | 4 | 2 |
_3Contributor biographical information _uhttp://www.loc.gov/catdir/enhancements/fy0642/2006044866-b.html |
| 856 | 4 | 2 |
_3Publisher description _uhttp://www.loc.gov/catdir/enhancements/fy0642/2006044866-d.html |
| 856 | 4 | 1 |
_3Table of contents _uhttp://www.loc.gov/catdir/enhancements/fy0642/2006044866-t.html |
| 906 |
_a7 _bcbc _corignew _d1 _eocip _f20 _gy-gencatlg |
||
| 942 |
_2ddc _cBK |
||
| 999 |
_c31745 _d31745 |
||